Szczegóły MARC21

Osobowość, samorealizacja, odpowiedzialność, bezpieczeństwo, autonomia : teoria, empiria i praktyka w rehabilitacji osób z niepełnosprawnością umysłową od dzieciństwa do późnej dorosłości /

005 -DATA I CZAS OSTATNIEJ MODYFIKACJI [,]
    • @
    • pole kontrolne
    • 20070315155141.9
020 -Międzynarod. znormalizowany nr książki - ISBN [ , ]
    • a
    • Numer ISBN
    • 838707988X Find
040 -Instytucja sporządzająca opis [ , ]
    • a
    • Instytucja, która sporządziła opis (NP)
    • SZCZ U
    • c
    • Instytucja, która sporządziła rekord (NP)
    • SZCZ U
041 -Język dokumentu [0, ]
    • a
    • Język tekstu (P)
    • polski
    • h
    • Język tekstu oryginalnego i/lub pośredniego (P)
    • polski
942 -Rodzaj dokumentu [ , ]
    • c
    • Rodzaj dokumentu
    • Książka
245 -Strefa tytułu i oznaczenia odpowiedzialności [0, ]
    • a
    • Tytuł
    • Osobowość, samorealizacja, odpowiedzialność, bezpieczeństwo, autonomia : Find
    • b
    • Ciąg dalszy tytułu (NP)
    • teoria, empiria i praktyka w rehabilitacji osób z niepełnosprawnością umysłową od dzieciństwa do późnej dorosłości / Find
    • c
    • Pozostałe elementy strefy tytułu i oznaczenia odpowiedzialności (NP)
    • pod red. Joanny Głodkowskiej i Andrzeja Giryńskiego.
260 -Strefa adresu wydawniczego [ , ]
    • a
    • Miejsce wydania (P)
    • Warszawa :
    • b
    • Nazwa wydawcy (P)
    • Akademia Pedagogiki Spec. im.M.Grzegorzewskiej,
    • c
    • Data wydania (P)
    • 2004.
300 -Strefa opisu fizycznego [ , ]
    • a
    • Określenie formy książki i/lub objętość (NP)
    • 232 s. :
    • b
    • Oznaczenie ilustracji (NP)
    • il. :
    • c
    • Format (NP)
    • 24 cm.
500 -Uwaga ogólna [ , ]
    • a
    • Uwaga ogólna (NP)
    • Bibliogr
080 -Uniwersalna Klasyfikacja Dziesiętna [ , ]
    • a
    • Symbol klasyfikacji
    • 159.922.762
080 -Uniwersalna Klasyfikacja Dziesiętna [ , ]
    • a
    • Symbol klasyfikacji
    • :159.95
080 -Uniwersalna Klasyfikacja Dziesiętna [ , ]
    • a
    • Symbol klasyfikacji
    • :376.4/.5
980 -Symbol UKD [ , ]
    • a
    • UKD
    • 159.922.762:159.95:376.4/.5
700 -Hasło dodatkowe - nazwa osobowa [ , ]
    • a
    • Nazwa osobowa (NP)
    • Głodkowska Joanna Find
700 -Hasło dodatkowe - nazwa osobowa [ , ]
    • a
    • Nazwa osobowa (NP)
    • Giryński Andrzej Find
920 -ISBN [ , ]
    • a
    • ISBN
    • 83-87079-88-X Find
Sygnatura Lokalizacja Data inwentaryzacji Status udost. Numer inwentarzowy
Z.104284BG2005-03-211Z.104284